00754nam a2200193 a 450000100100000000500170001000800410002704000250006808200170009324501170011026000730022730000210030049000310032150000720035265000170042465000560044170000320049783000310052900003579820240524205107.0111114s1960 ag 000 0 spa d aDO-SdBNPbspacBNPHU a262.91bE56p00aEnciclicas políticas y sociales de los romanos pontífices /ccompiladas, traducidas por Marino Ayerra Redin. aBuenos Aires, Argentina :bCompañia General Fabril Editora,c1960. a410 p. ;c18 cm.1 aLos libros del mirasolv24 aIncluye referencias bibliográficas y notas al pie de la páginas 4aEncíclicas 0a Iglesia y problemas sociales.x Iglesia Católica12aRedin, Marino Ayerradcomp. 0aLos libros del mirasoln24